000
00232nam a22000977a 4500
999
_c
16250
_d
16250
003
OSt
008
200626b ||||| |||| 00| 0 eng d
100
_a
തിരുനല്ലൂർ
_9
4648
245
_a
രാത്രി
942
_c
BK